Chatbot systémy v inteligentných rečových užívateľských rozhraniach

Pokračovanie článku z predchádzajúceho čísla o inteligentných užívateľských rečových rozhraniach. Štruktúra, princípy a porovnanie jednotlivých systémov a vzorov. ELIZA - najznámejšie chatbot systémy.

Na minha lista:
Detalhes bibliográficos
Autor principal: Gregor, Michal
Outros Autores: Gregor, Milan
Formato: Capítulo de Livro
Idioma:eslovaco
Assuntos:
Tags: Adicionar Tag
Sem tags, seja o primeiro a adicionar uma tag!

MARC

LEADER 00000naa a2200000 4500
001 0209169
005 20220330121749.8
041 0 |a slo 
044 |a SK 
245 1 0 |a Chatbot systémy v inteligentných rečových užívateľských rozhraniach  |c Michal Gregor, Milan Gregor 
520 |a Pokračovanie článku z predchádzajúceho čísla o inteligentných užívateľských rečových rozhraniach. Štruktúra, princípy a porovnanie jednotlivých systémov a vzorov. ELIZA - najznámejšie chatbot systémy. 
610 2 0 |a inžinierstvo znalostné 
610 2 0 |a veda systémová 
610 2 0 |a syntéza systémov 
610 2 0 |a technológie informačné 
610 2 0 |a technológie komunikačné 
100 1 |a Gregor, Michal 
700 1 |a Gregor, Milan